00381nam a2200145Ia 4500008004100000040001900041041001200060082002400072100002000096245004700116260002800163300001800191650000800209850001800217131103s9999 xx 000 0 und d aLoreto College aEnglish aMIS/TORbLCBED/9109 aTormey, John C. aOnly you can make you happycJohn C.Tormey aMissouribLiguoric1979 a62p. c 22cm. aMis aLCBED/MIS/TOR